[Event "RUS-ch U26"]
[Site "Saratov"]
[Date "2013.09.28"]
[Round "5"]
[White "Izbosarov, Marat"]
[Black "Lyanguzov, Oleg"]
[Result "0-1"]
[WhiteElo "1952"]
[BlackElo "2360"]
[PlyCount "104"]
[EventDate "2013.09.24"]
[EventType "swiss"]
[EventRounds "9"]
[EventCountry "RUS"]
[SourceTitle "EXT 2015"]
[Source "ChessBase"]
[SourceDate "2014.11.20"]
[SourceVersion "1"]
[SourceVersionDate "2014.11.20"]
[SourceQuality "1"]

1. e4 c5 2. Nf3 Nf6 3. Nc3 Nc6 4. Bb5 e5 5. Bxc6 dxc6 6. d3 Nd7 7. 0-0 Be7 8. Ne2 0-0 9. Ng3 Re8 10. c3 Bf8 11. Bg5 Qc7 12. h3 g6 13. Qd2 Bg7 14. Bh6 Nf8 15. Bxg7 Kxg7 16. Qg5 Kh8 17. Rad1 Qe7 18. Qh6 f6 19. d4 cxd4 20. cxd4 exd4 21. Rxd4 Be6 22. b3 c5 23. Rd2 Rad8 24. Rfd1 Rxd2 25. Qxd2 Bd7 26. Qa5 a6 27. Qc3 Bc6 28. a4 Nd7 29. Nd2 Qe5 30. Qe3 b5 31. axb5 axb5 32. f4 Qe6 33. Ra1 Qd6 34. Ra6 Qc7 35. Kh2 Kg8 36. Ra1 Qd6 37. Ra6 Qc7 38. Ra1 Bb7 39. Qd3 Bc6 40. Qe3 h5 41. e5 fxe5 42. f5 e4 43. Qg5 Nf8 44. Re1 e3 45. Nf3 Bxf3 46. gxf3 Qe7 47. Qh6 h4 48. Ne4 Qe5+ 49. Kh1 Qxf5 50. Rxe3 Qxh3+ 51. Kg1 Ra8 52. Re1 Ra2 0-1

[Event "RUS-ch U26"]
[Site "Uljanovsk"]
[Date "2012.09.21"]
[Round "5"]
[White "Lyanguzov, Oleg"]
[Black "Bukavshin, Ivan"]
[Result "0-1"]
[WhiteElo "2325"]
[BlackElo "2469"]
[PlyCount "82"]
[EventDate "2012.09.17"]
[EventType "swiss"]
[EventRounds "9"]
[EventCountry "RUS"]
[SourceTitle "CBM 150 Extra"]
[Source "ChessBase"]
[SourceDate "2012.10.19"]
[SourceVersion "1"]
[SourceVersionDate "2012.10.19"]
[SourceQuality "1"]

1. e4 c5 2. Nf3 d6 3. d4 cxd4 4. Nxd4 Nf6 5. Nc3 Nc6 6. Bc4 e6 7. Be3 Be7 8. Qe2 a6 9. 0-0-0 Nxd4 10. Bxd4 b5 11. Bb3 Bb7 12. e5 dxe5 13. Bxe5 Qb6 14. Bd4 Qc7 15. Be5 Qb6 16. Bd4 Qc7 17. Be5 Qc8 18. Bd6 Bxd6 19. Rxd6 Qc5 20. Rhd1 0-0 21. f4 Rac8 22. g4 Rfe8 23. R6d4 b4 24. Na4 Qa5 25. Qd2 Nxg4 26. Qxb4 Qxb4 27. Rxb4 Bc6 28. Rd6 Bf3 29. Rc4 Rcd8 30. Rcd4 Rxd6 31. Rxd6 Nxh2 32. c4 h5 33. Bd1 h4 34. Rd2 Bxd1 35. Rxd1 e5 36. Rh1 Nf3 37. Rh3 Ng1 38. Rxh4 exf4 39. c5 g5 40. Rh1 Ne2+ 41. Kd2 f3 0-1

[Event "RUS-ch U26"]
[Site "Uljanovsk"]
[Date "2012.09.20"]
[Round "4"]
[White "Lyanguzov, Oleg"]
[Black "Ponkratov, Pavel"]
[Result "0-1"]
[WhiteElo "2325"]
[BlackElo "2598"]
[PlyCount "122"]
[EventDate "2012.09.17"]
[EventType "swiss"]
[EventRounds "9"]
[EventCountry "RUS"]
[SourceTitle "CBM 150 Extra"]
[Source "ChessBase"]
[SourceDate "2012.10.19"]
[SourceVersion "1"]
[SourceVersionDate "2012.10.19"]
[SourceQuality "1"]

1. c4 e5 2. Nc3 Nf6 3. Nf3 Nc6 4. g3 d5 5. cxd5 Nxd5 6. Bg2 Nb6 7. 0-0 Be7 8. a3 Be6 9. b4 0-0 10. Rb1 f6 11. d3 a5 12. b5 Nd4 13. Nd2 Qc8 14. e3 Nf5 15. Qe2 Rd8 16. f4 exf4 17. Rxf4 Rb8 18. d4 Kh8 19. Bb2 c5 20. d5 Bxd5 21. Nxd5 Nxd5 22. Bxd5 Rxd5 23. Nc4 Qe6 24. Qg4 Bd6 25. e4 Bxf4 26. Qxf4 Rdd8 27. exf5 Qe2 28. Rf1 Re8 29. Rf2 Qd3 30. Rd2 Qb1+ 31. Kg2 Ra8 32. Nd6 Re7 33. g4 h6 34. h4 Re1 35. Qf2 b6 36. g5 Rf8 37. g6 a4 38. Qf3 Qa2 39. Kf2 Re7 40. Qd3 Rd7 41. Nf7+ Rdxf7 42. gxf7 Qxf7 43. Qd5 Qh5 44. Qe4 Re8 45. Qf4 Qf7 46. Kg2 Qh5 47. Kh2 Re2+ 48. Kg3 Re1 49. Kg2 Kh7 50. Bc3 Qe8 51. Qg4 Re3 52. Bb2 h5 53. Qf4 Re4 54. Qf3 Rg4+ 55. Kf2 Qxb5 56. Re2 Qc4 57. Ke1 Rxh4 58. Kd1 Rg4 59. Rh2 h4 60. Qf2 Qd3+ 61. Kc1 Rc4+ 0-1

[Event "RUS-ch U26"]
[Site "Uljanovsk"]
[Date "2012.09.18"]
[Round "2"]
[White "Lyanguzov, Oleg"]
[Black "Lysyj, Igor"]
[Result "1/2-1/2"]
[WhiteElo "2325"]
[BlackElo "2624"]
[PlyCount "79"]
[EventDate "2012.09.17"]
[EventType "swiss"]
[EventRounds "9"]
[EventCountry "RUS"]
[SourceTitle "CBM 150 Extra"]
[Source "ChessBase"]
[SourceDate "2012.10.19"]
[SourceVersion "1"]
[SourceVersionDate "2012.10.19"]
[SourceQuality "1"]

1. e4 e6 2. d4 d5 3. Nd2 c5 4. exd5 Qxd5 5. Ngf3 cxd4 6. Bc4 Qd6 7. 0-0 Nf6 8. Nb3 Nc6 9. Nbxd4 Nxd4 10. Nxd4 Be7 11. Nb5 Qc6 12. Qe2 0-0 13. Rd1 a6 14. Nd4 Qc7 15. Bg5 b5 16. Bb3 Bb7 17. Rd3 Rfd8 18. Re1 Ne4 19. Nxe6 fxe6 20. Bxe6+ Kh8 21. Bxe7 Re8 22. Rd7 Qc6 23. Qg4 Nf6 24. Bxf6 Qxd7 25. Bc3 Qc7 26. Be5 Qe7 27. Re3 Bc8 28. Bxc8 Raxc8 29. c3 Rcd8 30. f4 Qf7 31. h4 Qg6 32. Qh3 Qb1+ 33. Kh2 Re7 34. h5 h6 35. Qh4 Rdd7 36. Qg4 Rf7 37. Rg3 Rfe7 38. Re3 Rf7 39. Rg3 Rfe7 40. Re3 1/2-1/2

[Event "RUS-ch U26"]
[Site "Uljanovsk"]
[Date "2012.09.17"]
[Round "1"]
[White "Tsai, Roman"]
[Black "Lyanguzov, Oleg"]
[Result "0-1"]
[WhiteElo "1840"]
[BlackElo "2325"]
[PlyCount "84"]
[EventDate "2012.09.17"]
[EventType "swiss"]
[EventRounds "9"]
[EventCountry "RUS"]
[SourceTitle "CBM 150 Extra"]
[Source "ChessBase"]
[SourceDate "2012.10.19"]
[SourceVersion "1"]
[SourceVersionDate "2012.10.19"]
[SourceQuality "1"]

1. e4 c5 2. Nf3 Nf6 3. e5 Nd5 4. c4 Nc7 5. Nc3 Nc6 6. d3 g6 7. Ne4 Ne6 8. b3 Bg7 9. Bb2 d6 10. Be2 dxe5 11. 0-0 0-0 12. Nfg5 Nf4 13. Nxc5 h6 14. Nge4 Nd4 15. Bxd4 Qxd4 16. Na4 Rd8 17. Nec3 Bf5 18. Nb5 Qd7 19. Re1 Qc6 20. Bf1 Nxd3 21. Bxd3 Bxd3 22. Qg4 a6 23. Nbc3 b5 24. Nb2 Rd4 25. Qg3 bxc4 26. Rac1 Bf5 27. h3 e4 28. Nxc4 Rd3 29. Re3 Rad8 30. Ne5 Rxe3 31. Nxc6 Rxg3 32. fxg3 Rd7 33. g4 Be6 34. Nxe4 Rc7 35. Rc5 f5 36. gxf5 gxf5 37. Ng3 Kh7 38. b4 Bd7 39. Nxe7 Bd4+ 40. Kf1 Bxc5 41. bxc5 Bb5+ 42. Kf2 Rxe7 0-1

[Event "Tatarstan-ch op"]
[Site "Kazan"]
[Date "2012.09.10"]
[Round "8"]
[White "Lyanguzov, Oleg"]
[Black "Toropov, Pavel"]
[Result "1-0"]
[WhiteElo "2321"]
[BlackElo "2302"]
[PlyCount "31"]
[EventDate "2012.09.03"]
[EventType "swiss"]
[EventRounds "9"]
[EventCountry "RUS"]
[SourceTitle "CBM 150 Extra"]
[Source "ChessBase"]
[SourceDate "2012.10.19"]
[SourceVersion "1"]
[SourceVersionDate "2012.10.19"]
[SourceQuality "1"]

1. e4 c5 2. Nf3 Nc6 3. d4 cxd4 4. Nxd4 Qb6 5. Nb3 Nf6 6. Bd3 e6 7. Nc3 Be7 8. 0-0 0-0 9. Be3 Qc7 10. f4 d6 11. g4 Re8 12. g5 Nd7 13. Rf3 Bf8 14. e5 g6 15. Nb5 Qb8 16. exd6 1-0

[Event "Tatarstan-ch op"]
[Site "Kazan"]
[Date "2012.09.07"]
[Round "5"]
[White "Talov, Nikita"]
[Black "Lyanguzov, Oleg"]
[Result "1/2-1/2"]
[WhiteElo "2080"]
[BlackElo "2321"]
[PlyCount "79"]
[EventDate "2012.09.03"]
[EventType "swiss"]
[EventRounds "9"]
[EventCountry "RUS"]
[SourceTitle "CBM 150 Extra"]
[Source "ChessBase"]
[SourceDate "2012.10.19"]
[SourceVersion "1"]
[SourceVersionDate "2012.10.19"]
[SourceQuality "1"]

1. e4 c5 2. Nf3 Nf6 3. d3 Nc6 4. g3 g6 5. c3 Bg7 6. Bg2 0-0 7. 0-0 d6 8. h3 c4 9. Be3 cxd3 10. Qxd3 d5 11. exd5 Nxd5 12. Qe2 Nxe3 13. Qxe3 Qc7 14. Na3 a6 15. Nc4 b5 16. Nb6 Rb8 17. Nd5 Qd8 18. Rad1 e6 19. Nb4 Qe8 20. Nxc6 Qxc6 21. Ne5 Qb6 22. Qxb6 Rxb6 23. Nd7 Bxd7 24. Rxd7 b4 25. cxb4 Bxb2 26. Ra7 Rd8 27. Bf3 Rxb4 28. Rxa6 Rd2 29. Rd1 Rbd4 30. Rxd2 Rxd2 31. Kf1 Bd4 32. Be2 Kg7 33. Rd6 e5 34. Rd7 Rxa2 35. Rxf7+ Kxf7 36. Bc4+ Kf6 37. Bxa2 e4 38. Ke2 h6 39. Bb1 Ke5 40. f3 1/2-1/2

[Event "Tatarstan-ch op"]
[Site "Kazan"]
[Date "2012.09.06"]
[Round "4"]
[White "Lyanguzov, Oleg"]
[Black "Gubajdullin, Marsel"]
[Result "1-0"]
[WhiteElo "2321"]
[BlackElo "1985"]
[PlyCount "95"]
[EventDate "2012.09.03"]
[EventType "swiss"]
[EventRounds "9"]
[EventCountry "RUS"]
[SourceTitle "CBM 150 Extra"]
[Source "ChessBase"]
[SourceDate "2012.10.19"]
[SourceVersion "1"]
[SourceVersionDate "2012.10.19"]
[SourceQuality "1"]

1. d4 d6 2. Nf3 g6 3. Bf4 Bg7 4. e3 Nd7 5. h3 Ngf6 6. Be2 0-0 7. 0-0 Ne8 8. c4 f5 9. Nc3 Nef6 10. Bh2 a5 11. a3 c5 12. Ng5 Nb8 13. dxc5 h6 14. Nf3 dxc5 15. Qc2 Nfd7 16. Rad1 Qe8 17. Nb5 Na6 18. Rd2 e5 19. Rfd1 Qe7 20. Nd6 Ndb8 21. Qb3 f4 22. Nxc8 Rxc8 23. exf4 exf4 24. Bxf4 Nc6 25. Be3 Rd8 26. Qb6 Rxd2 27. Rxd2 a4 28. Bd1 Rd8 29. Bxa4 Rxd2 30. Bxd2 Nd4 31. Nxd4 cxd4 32. Qxg6 Nc5 33. Bd1 d3 34. Bc3 Qf7 35. Qxf7+ Kxf7 36. Bxg7 Kxg7 37. f4 d2 38. Kf1 Nd3 39. Ke2 Nxb2 40. c5 Nc4 41. a4 Kf6 42. Bb3 Na5 43. Bd5 Kf5 44. g3 d1Q+ 45. Kxd1 h5 46. Ke2 h4 47. Kf3 hxg3 48. Kxg3 1-0

[Event "Tatarstan-ch op"]
[Site "Kazan"]
[Date "2012.09.04"]
[Round "2"]
[White "Lyanguzov, Oleg"]
[Black "Shkuro, Alexandr"]
[Result "1/2-1/2"]
[WhiteElo "2321"]
[BlackElo "2030"]
[PlyCount "80"]
[EventDate "2012.09.03"]
[EventType "swiss"]
[EventRounds "9"]
[EventCountry "RUS"]
[SourceTitle "CBM 150 Extra"]
[Source "ChessBase"]
[SourceDate "2012.10.19"]
[SourceVersion "1"]
[SourceVersionDate "2012.10.19"]
[SourceQuality "1"]

1. e4 e6 2. d4 d5 3. Nd2 c5 4. exd5 Qxd5 5. Ngf3 Nf6 6. Bc4 Qc6 7. 0-0 cxd4 8. Nxd4 Qc5 9. c3 a6 10. Qe2 Bd6 11. N2f3 0-0 12. Re1 Nc6 13. Be3 Qh5 14. Nxc6 bxc6 15. Bd4 c5 16. Be5 Bxe5 17. Qxe5 Qxe5 18. Rxe5 Nd7 19. Ree1 Nb6 20. Bb3 Bb7 21. Nd2 Rfd8 22. Rad1 Kf8 23. f4 g6 24. Kf2 Rac8 25. Nc4 Nxc4 26. Bxc4 a5 27. g4 Rxd1 28. Rxd1 Ke7 29. Rd3 Rd8 30. Rxd8 Kxd8 31. g5 Bd5 32. Bxd5 exd5 33. b3 Kd7 34. Ke3 Kd6 35. Kd3 Kc6 36. a4 Kb6 37. Kc2 Kc6 38. Kd3 Kb6 39. Kc2 Kc6 40. Kd2 Kb6 1/2-1/2

[Event "Uljanovsk Privolje op"]
[Site "Uljanovsk"]
[Date "2012.02.04"]
[Round "8"]
[White "Lyanguzov, Oleg"]
[Black "Alachihin, Vladimir"]
[Result "1/2-1/2"]
[WhiteElo "2321"]
[BlackElo "2254"]
[PlyCount "84"]
[EventDate "2012.01.31"]
[EventType "swiss"]
[EventRounds "9"]
[EventCountry "RUS"]
[SourceTitle "EXT 2013"]
[Source "ChessBase"]
[SourceDate "2012.11.22"]
[SourceVersion "1"]
[SourceVersionDate "2012.11.22"]
[SourceQuality "1"]

1. c4 Nf6 2. Nf3 g6 3. g3 Bg7 4. Bg2 0-0 5. 0-0 c6 6. d4 d6 7. Nc3 Nbd7 8. e4 e5 9. h3 Re8 10. Re1 exd4 11. Nxd4 Qb6 12. Nc2 Nc5 13. b4 Ne6 14. Be3 Qc7 15. Qd3 a5 16. a3 axb4 17. axb4 Rxa1 18. Rxa1 Qe7 19. f4 Nc7 20. Rd1 Nh5 21. g4 Bxc3 22. Qxc3 Ng7 23. f5 f6 24. Bf4 Rd8 25. Qd4 Nge8 26. Ne3 g5 27. Bg3 Rd7 28. Qc3 Kg7 29. Rc1 b6 30. e5 dxe5 31. Bxc6 Rd8 32. Bg2 Nd6 33. Bf2 Bb7 34. Bxb7 Nxb7 35. Nd5 Nxd5 36. cxd5 Rxd5 37. Bxb6 Qd7 38. Qc6 Kf7 39. Qxd7+ Rxd7 40. Bf2 Nd6 41. Rd1 Ke8 42. Be3 Ne4 1/2-1/2

[Event "Uljanovsk Privolje op"]
[Site "Uljanovsk"]
[Date "2012.02.01"]
[Round "3"]
[White "Lyanguzov, Oleg"]
[Black "Saveliev, Dmitri"]
[Result "1-0"]
[WhiteElo "2321"]
[BlackElo "2128"]
[PlyCount "41"]
[EventDate "2012.01.31"]
[EventType "swiss"]
[EventRounds "9"]
[EventCountry "RUS"]
[SourceTitle "EXT 2013"]
[Source "ChessBase"]
[SourceDate "2012.11.22"]
[SourceVersion "1"]
[SourceVersionDate "2012.11.22"]
[SourceQuality "1"]

1. e4 d6 2. d4 Nf6 3. Nc3 g6 4. f4 Bg7 5. Nf3 c5 6. dxc5 Qa5 7. Bd3 Qxc5 8. Qe2 Nbd7 9. Bd2 a6 10. 0-0-0 b5 11. e5 dxe5 12. fxe5 Ng4 13. e6 Nde5 14. Be4 Rb8 15. Nxe5 Nxe5 16. Be3 Qc7 17. Nd5 Qa5 18. exf7+ Nxf7 19. Kb1 Bf5 20. Bxf5 gxf5 21. Bb6 1-0

[Event "Tatarstan-ch"]
[Site "Kazan"]
[Date "2011.12.20"]
[Round "8.1"]
[White "Lyanguzov, Oleg"]
[Black "Sharafiev, Azat"]
[Result "1/2-1/2"]
[WhiteElo "2303"]
[BlackElo "2423"]
[PlyCount "59"]
[EventDate "2011.12.13"]
[EventType "swiss"]
[EventRounds "9"]
[EventCountry "RUS"]
[SourceTitle "EXT 2022"]
[Source "ChessBase"]
[SourceDate "2021.10.06"]
[SourceVersion "1"]
[SourceVersionDate "2021.10.06"]
[SourceQuality "1"]

1. e4 c5 2. Nf3 e6 3. d4 cxd4 4. Nxd4 Nc6 5. Nc3 d6 6. Be3 Nf6 7. Bc4 Be7 8. Qe2 a6 9. 0-0-0 Qc7 10. Bb3 Na5 11. g4 b5 12. g5 Nxb3+ 13. axb3 Nd7 14. Nf5 exf5 15. Nd5 Qd8 16. exf5 Bb7 17. f6 gxf6 18. gxf6 Nxf6 19. Bb6 Bxd5 20. Bxd8 Kxd8 21. Rxd5 Nxd5 22. Qf3 Nc7 23. Qxf7 Rf8 24. Qxh7 Kd7 25. Re1 Rae8 26. Qh3+ Kc6 27. Qg2+ Kb6 28. Kd1 Rf5 29. Re2 Rd5+ 30. Ke1 1/2-1/2

[Event "Tatarstan-ch"]
[Site "Kazan"]
[Date "2011.12.18"]
[Round "6.6"]
[White "Akhmadeev, Valery Rimovich"]
[Black "Lyanguzov, Oleg"]
[Result "0-1"]
[WhiteElo "2101"]
[BlackElo "2303"]
[PlyCount "98"]
[EventDate "2011.12.13"]
[EventType "swiss"]
[EventRounds "9"]
[EventCountry "RUS"]
[SourceTitle "EXT 2022"]
[Source "ChessBase"]
[SourceDate "2021.10.06"]
[SourceVersion "1"]
[SourceVersionDate "2021.10.06"]
[SourceQuality "1"]

1. d4 Nf6 2. Nf3 g6 3. c4 Bg7 4. Nc3 0-0 5. e4 d6 6. Be2 e5 7. Be3 Ng4 8. Bg5 f6 9. Bh4 Nc6 10. h3 Nh6 11. dxe5 dxe5 12. Qd5+ Kh8 13. 0-0 Qe7 14. Rad1 Be6 15. Qd2 Qf7 16. Nd5 Ng8 17. Qc2 h6 18. a3 f5 19. Bg3 f4 20. Bh2 g5 21. g4 Rac8 22. b3 Qg6 23. Nb4 Nge7 24. Nd5 h5 25. Nxe7 Nxe7 26. Ne1 Nc6 27. f3 Nd4 28. Qb2 c5 29. Kg2 b5 30. Rc1 bxc4 31. Bxc4 Rb8 32. b4 cxb4 33. Bxe6 Qxe6 34. axb4 a5 35. Nd3 Rfd8 36. Rfd1 Qa6 37. Nc5 Rxb4 38. Qa2 Qb5 39. Rd2 Rc8 40. Nd3 Rxc1 41. Nxc1 Rb1 42. Nd3 Rb3 43. Nc1 Rxf3 44. Ne2 Rb3 45. Nxd4 exd4 46. Bg1 Qb7 47. Qa4 Qxe4+ 48. Kh2 Rxh3+ 49. Kxh3 Qh1+ 0-1

[Event "Tatarstan-ch"]
[Site "Kazan"]
[Date "2011.12.16"]
[Round "4.3"]
[White "Toropov, Pavel"]
[Black "Lyanguzov, Oleg"]
[Result "1-0"]
[WhiteElo "2267"]
[BlackElo "2303"]
[PlyCount "73"]
[EventDate "2011.12.13"]
[EventType "swiss"]
[EventRounds "9"]
[EventCountry "RUS"]
[SourceTitle "EXT 2022"]
[Source "ChessBase"]
[SourceDate "2021.10.06"]
[SourceVersion "1"]
[SourceVersionDate "2021.10.06"]
[SourceQuality "1"]

1. e4 c5 2. Nf3 Nf6 3. e5 Nd5 4. c4 Nc7 5. b4 cxb4 6. d4 d5 7. exd6 exd6 8. Qa4+ Nc6 9. Nbd2 d5 10. c5 Qf6 11. Rb1 Bd7 12. Bd3 a5 13. 0-0 Nxd4 14. Re1+ Nce6 15. Qd1 Bxc5 16. Nxd4 Qxd4 17. Nf3 Qxf2+ 18. Kh1 Qxa2 19. Ne5 0-0-0 20. Nxd7 Rxd7 21. Re2 Qxe2 22. Qxe2 Re7 23. Bf5 g6 24. Bg5 gxf5 25. Bxe7 Bxe7 26. Rc1+ Bc5 27. Qb5 b6 28. Qxb6 Kd7 29. Rxc5 Nxc5 30. Qxc5 Ke6 31. Qb6+ Ke5 32. Qc7+ Ke4 33. Qc2+ Ke5 34. Qb2+ d4 35. Qe2+ Kd5 36. Qb5+ Kd6 37. Kg1 1-0

[Event "Astrakhan op"]
[Site "Astrakhan"]
[Date "2011.08.25"]
[Round "9.3"]
[White "Lyanguzov, Oleg"]
[Black "Genov, Ilya"]
[Result "1-0"]
[WhiteElo "2313"]
[BlackElo "2113"]
[PlyCount "59"]
[EventDate "2011.08.17"]
[EventType "swiss"]
[EventRounds "9"]
[EventCountry "RUS"]
[SourceTitle "EXT 2022"]
[Source "ChessBase"]
[SourceDate "2021.10.06"]
[SourceVersion "1"]
[SourceVersionDate "2021.10.06"]
[SourceQuality "1"]

1. e4 e5 2. Nf3 Nc6 3. d4 exd4 4. Nxd4 Nf6 5. Nxc6 bxc6 6. e5 Ne4 7. Qf3 Nc5 8. Bc4 Ne6 9. Nc3 Bb4 10. Bd2 0-0 11. 0-0-0 Rb8 12. a3 Be7 13. Be3 Bg5 14. Ne4 Bxe3+ 15. Qxe3 d5 16. exd6 cxd6 17. Rxd6 Qc7 18. Rhd1 a5 19. Nc5 Qb6 20. Nb3 Qb7 21. Qe5 c5 22. Nxa5 Qxg2 23. R6d3 Qg5+ 24. Qxg5 Nxg5 25. Nc6 Ra8 26. f4 Be6 27. fxg5 Bxc4 28. Rc3 Be2 29. Re1 Bb5 30. Rxc5 1-0

[Event "Astrakhan op"]
[Site "Astrakhan"]
[Date "2011.08.17"]
[Round "1.2"]
[White "Kuanova, Ilmira"]
[Black "Lyanguzov, Oleg"]
[Result "0-1"]
[WhiteElo "1665"]
[BlackElo "2313"]
[PlyCount "44"]
[EventDate "2011.08.17"]
[EventType "swiss"]
[EventRounds "9"]
[EventCountry "RUS"]
[SourceTitle "EXT 2022"]
[Source "ChessBase"]
[SourceDate "2021.10.06"]
[SourceVersion "1"]
[SourceVersionDate "2021.10.06"]
[SourceQuality "1"]

1. d4 Nf6 2. c4 g6 3. Nc3 Bg7 4. e4 d6 5. Nf3 0-0 6. Be2 e5 7. dxe5 dxe5 8. Qxd8 Rxd8 9. Nxe5 Nxe4 10. Nxe4 Bxe5 11. 0-0 Kg7 12. Bf3 Nc6 13. Rb1 Nd4 14. Nd2 Bf5 15. Be4 Ne2+ 16. Kh1 Nxc1 17. Rbxc1 Rxd2 18. Bxb7 Rb8 19. Bd5 Rbxb2 20. f4 Bd4 21. a4 c5 22. Rfe1 Bh3 0-1

[Event "Uljanovsk Privolje op"]
[Site "Uljanovsk"]
[Date "2011.02.02"]
[Round "3"]
[White "Lukianov, Alexander"]
[Black "Lyanguzov, Oleg"]
[Result "0-1"]
[WhiteElo "1894"]
[BlackElo "2298"]
[PlyCount "113"]
[EventDate "2011.02.01"]
[EventType "swiss"]
[EventRounds "9"]
[EventCountry "RUS"]
[SourceTitle "CBM 140 Extra"]
[Source "ChessBase"]
[SourceDate "2011.03.01"]
[SourceVersion "1"]
[SourceVersionDate "2011.03.01"]
[SourceQuality "1"]

1. e4 c5 2. Nf3 d6 3. d4 cxd4 4. Nxd4 Nf6 5. Nc3 Nc6 6. Bc4 e6 7. 0-0 Be7 8. Bb3 a6 9. Be3 0-0 10. f4 Qc7 11. f5 Nxd4 12. Bxd4 b5 13. fxe6 fxe6 14. Bxf6 Bxf6 15. Nd5 Qa7+ 16. Kh1 exd5 17. Bxd5+ Kh8 18. Bxa8 Qxa8 19. Qxd6 Bb7 20. Rae1 h6 21. Re2 Be7 22. Rxf8+ Qxf8 23. Qd1 Bc5 24. Rd2 Qf4 25. Rd8+ Kh7 26. Qf3 Qxe4 27. Qxe4+ Bxe4 28. Re8 Bb7 29. b3 Kg6 30. c4 bxc4 31. bxc4 Kf6 32. Rb8 Be4 33. Rc8 Bd6 34. Re8 Bc6 35. Rc8 Bb7 36. Re8 a5 37. Kg1 Bc5+ 38. Kh1 Bd6 39. Kg1 a4 40. g3 Ba6 41. Re4 Kf5 42. Rh4 Bc5+ 43. Kg2 g5 44. Rxh6 Bxc4 45. h4 Bd5+ 46. Kf1 Bxa2 47. hxg5 Bc4+ 48. Ke1 a3 49. Rc6 Bb4+ 50. Kf2 a2 51. Rxc4 a1Q 52. Rxb4 Qa2+ 53. Kg1 Kxg5 54. Rf4 Qe2 55. Kh1 Qh5+ 56. Kg2 Qh7 57. Kf3 0-1

[Event "Uljanovsk Privolje op"]
[Site "Uljanovsk"]
[Date "2011.02.01"]
[Round "2"]
[White "Lyanguzov, Oleg"]
[Black "Lukyanov, Artiom"]
[Result "1/2-1/2"]
[WhiteElo "2298"]
[BlackElo "2131"]
[PlyCount "69"]
[EventDate "2011.02.01"]
[EventType "swiss"]
[EventRounds "9"]
[EventCountry "RUS"]
[SourceTitle "CBM 140 Extra"]
[Source "ChessBase"]
[SourceDate "2011.03.01"]
[SourceVersion "1"]
[SourceVersionDate "2011.03.01"]
[SourceQuality "1"]

1. d4 d5 2. Bg5 h6 3. Bh4 c6 4. e3 Qb6 5. Qc1 Bf5 6. Nf3 Nd7 7. c4 e6 8. Be2 Be7 9. Bg3 dxc4 10. Bxc4 Ngf6 11. 0-0 0-0 12. Nc3 Rac8 13. Re1 Ne4 14. Ne5 Nxe5 15. Bxe5 Rfd8 16. Rd1 Bd6 17. Bxd6 Nxd6 18. Bb3 Qa5 19. Qd2 Nb5 20. Nxb5 Qxb5 21. Rac1 c5 22. Qc3 cxd4 23. Qxc8 Rxc8 24. Rxc8+ Kh7 25. exd4 Qe2 26. Rc7 Kg6 27. h3 Be4 28. Rc3 Qxb2 29. Re3 Bc6 30. Red3 Be4 31. R3d2 Qa3 32. Re1 Qa5 33. Red1 Bc6 34. Re2 Qc3 35. Re5 1/2-1/2

[Event "RSSU-chT"]
[Site "Moscow"]
[Date "2010.12.09"]
[Round "9"]
[White "Potapov, Pavel"]
[Black "Lyanguzov, Oleg"]
[Result "1/2-1/2"]
[WhiteElo "2478"]
[BlackElo "2276"]
[PlyCount "50"]
[EventDate "2010.12.01"]
[EventType "team-swiss"]
[EventRounds "9"]
[EventCountry "RUS"]
[SourceTitle "CBM 139 Extra"]
[Source "ChessBase"]
[SourceDate "2011.01.05"]
[SourceVersion "1"]
[SourceVersionDate "2011.01.05"]
[SourceQuality "1"]

1. e4 c5 2. c3 Nf6 3. e5 Nd5 4. Nf3 Nc6 5. Bc4 Nb6 6. Bb3 c4 7. Bc2 Qc7 8. Qe2 g5 9. h3 Bg7 10. 0-0 h5 11. Nxg5 Qxe5 12. Qxe5 Nxe5 13. f4 Nd3 14. Na3 d5 15. Nb5 Kf8 16. Bxd3 cxd3 17. Nf3 Bf5 18. b3 Be4 19. Ba3 a6 20. Nbd4 Rg8 21. Rf2 Ke8 22. Re1 Bf6 23. Re3 Nd7 24. Kh2 e5 25. fxe5 Nxe5 1/2-1/2

[Event "RSSU-chT"]
[Site "Moscow"]
[Date "2010.12.07"]
[Round "7"]
[White "Lyanguzov, Oleg"]
[Black "Krapivin, Alexander"]
[Result "1/2-1/2"]
[WhiteElo "2276"]
[BlackElo "2478"]
[PlyCount "116"]
[EventDate "2010.12.01"]
[EventType "team-swiss"]
[EventRounds "9"]
[EventCountry "RUS"]
[SourceTitle "CBM 139 Extra"]
[Source "ChessBase"]
[SourceDate "2011.01.05"]
[SourceVersion "1"]
[SourceVersionDate "2011.01.05"]
[SourceQuality "1"]

1. e4 c5 2. Nf3 e6 3. d4 cxd4 4. Nxd4 Nf6 5. Nc3 Nc6 6. Ndb5 d6 7. Bf4 e5 8. Bg5 a6 9. Na3 b5 10. Nd5 Be7 11. Bxf6 Bxf6 12. c4 b4 13. Nc2 Rb8 14. g3 0-0 15. b3 Be6 16. Bg2 Bxd5 17. Qxd5 Nd4 18. Nxd4 exd4 19. 0-0 Rc8 20. Qh5 Rc5 21. Qf3 a5 22. Qd3 Qd7 23. a4 bxa3 24. Rxa3 Rb8 25. Rfa1 Qc7 26. Qd2 g6 27. Rxa5 Rxa5 28. Qxa5 Qxa5 29. Rxa5 Rxb3 30. Rd5 Rb6 31. f4 Kg7 32. h4 Rc6 33. Bf1 Bd8 34. c5 Rxc5 35. Rxd6 Bc7 36. Rd7 Bb6 37. Rd6 Ba7 38. Rd7 Bb6 39. Rd6 Bc7 40. Rd7 Rc2 41. e5 Kf8 42. Bb5 Bb6 43. Kf1 Rc5 44. Ba4 Rc3 45. Rd6 Bc5 46. Rd8+ Kg7 47. Rd7 Rxg3 48. Rc7 Bb6 49. Rb7 Bc5 50. Rc7 Ra3 51. Bb5 Bb4 52. e6 Rf3+ 53. Kg2 Rxf4 54. Bc4 Rxh4 55. Rxf7+ Kh6 56. Rb7 Bd6 57. Rd7 Bb4 58. Rb7 Bc5 1/2-1/2

[Event "RSSU-chT"]
[Site "Moscow"]
[Date "2010.12.02"]
[Round "2"]
[White "Danin, Alexandre"]
[Black "Lyanguzov, Oleg"]
[Result "1-0"]
[WhiteElo "2527"]
[BlackElo "2276"]
[PlyCount "71"]
[EventDate "2010.12.01"]
[EventType "team-swiss"]
[EventRounds "9"]
[EventCountry "RUS"]
[SourceTitle "CBM 139 Extra"]
[Source "ChessBase"]
[SourceDate "2011.01.05"]
[SourceVersion "1"]
[SourceVersionDate "2011.01.05"]
[SourceQuality "1"]

1. e4 c5 2. Nf3 d6 3. d4 cxd4 4. Nxd4 Nf6 5. Nc3 Nc6 6. Bc4 e6 7. Be3 a6 8. Bb3 Be7 9. f4 0-0 10. 0-0 Qc7 11. Qf3 Bd7 12. f5 Nxd4 13. Bxd4 b5 14. a3 a5 15. fxe6 fxe6 16. Qh3 Qc8 17. Nxb5 Kh8 18. Qd3 Bxb5 19. Qxb5 Nxe4 20. Rxf8+ Bxf8 21. Rf1 d5 22. Ba4 Bc5 23. c3 Rb8 24. Qxa5 Rxb2 25. Bd7 Bxd4+ 26. cxd4 Qb8 27. Qc7 Nf6 28. Qxb8+ Rxb8 29. Bxe6 Ra8 30. Rc1 g5 31. Rc8+ Rxc8 32. Bxc8 Ne4 33. a4 Nc3 34. a5 Ne2+ 35. Kf2 Nxd4 36. Be6 1-0